[Event "Madurai Athens of the East op 2nd"]
[Site "Madurai"]
[Date "2022.06.29"]
[Round "2"]
[White "Deepan Chakkravarthy, J."]
[Black "Dinesh, Kumar Jaganathan"]
[Result "1-0"]
[WhiteElo "2478"]
[BlackElo "1952"]
[PlyCount "101"]
[EventDate "2022.06.28"]
[EventType "swiss"]
[EventRounds "10"]
[EventCountry "IND"]
[SourceTitle "EXT 2023"]
[Source "ChessBase"]
[SourceDate "2022.10.05"]
[SourceVersion "1"]
[SourceVersionDate "2022.10.05"]
[SourceQuality "1"]

1. c4 Nf6 2. Nc3 g6 3. g3 Bg7 4. Bg2 0-0 5. e4 e5 6. Nge2 Nc6 7. 0-0 d6 8. h3 Be6 9. d3 Qd7 10. Kh2 Nd4 11. Nxd4 exd4 12. Ne2 Ne8 13. Nf4 c6 14. Bd2 Nc7 15. b4 f5 16. Nxe6 Nxe6 17. f4 a5 18. bxa5 Nc5 19. Bb4 fxe4 20. dxe4 Qe6 21. Rc1 Na6 22. a3 Kh8 23. Re1 Rfe8 24. h4 Rad8 25. Qd3 Nc5 26. Bxc5 dxc5 27. Rb1 Qd7 28. Rb6 Ra8 29. Reb1 Re7 30. a6 Rxa6 31. Rxa6 bxa6 32. e5 Qc7 33. Qe4 Re6 34. a4 a5 35. Bf1 Re8 36. Bd3 Rf8 37. Kg2 Re8 38. h5 Re6 39. Rh1 Kg8 40. hxg6 hxg6 41. Qe2 g5 42. Qg4 Qe7 43. Rb1 Rh6 44. Rb8+ Bf8 45. fxg5 Re6 46. Qf4 Qg7 47. g6 Re7 48. Qf6 Rb7 49. Qe6+ Kh8 50. Qh3+ Kg8 51. Qh7+ 1-0

[Event "IND-ch U18 31st"]
[Site "Pollachi"]
[Date "2022.04.22"]
[Round "10"]
[White "Dinesh, Kumar Jaganathan"]
[Black "Ayush, Sharma"]
[Result "1-0"]
[WhiteElo "1937"]
[BlackElo "2311"]
[PlyCount "63"]
[EventDate "2022.04.18"]
[EventType "swiss"]
[EventRounds "11"]
[EventCountry "IND"]
[SourceTitle "EXT 2023"]
[Source "ChessBase"]
[SourceDate "2022.10.05"]
[SourceVersion "1"]
[SourceVersionDate "2022.10.05"]
[SourceQuality "1"]

1. Nf3 Nf6 2. c4 e6 3. g3 b6 4. Bg2 Bb7 5. 0-0 Be7 6. d4 0-0 7. Nc3 Ne4 8. Qc2 f5 9. Rd1 Bf6 10. Ne5 d5 11. f3 Nd6 12. cxd5 exd5 13. Qb3 c5 14. dxc5 bxc5 15. f4 c4 16. Qc2 Bxe5 17. fxe5 Ne4 18. Be3 Qa5 19. Nxe4 fxe4 20. b3 Qa3 21. Bxe4 Na6 22. Bxh7+ Kh8 23. Qg6 Rae8 24. Qh5 Rxe5 25. Bf5+ Kg8 26. Qh7+ Kf7 27. Qg6+ Kg8 28. Be6+ Kh8 29. Rd4 Qe7 30. Rh4+ Qxh4 31. gxh4 Nc7 32. Bf7 1-0

[Event "IND-ch U18 31st"]
[Site "Pollachi"]
[Date "2022.04.22"]
[Round "9"]
[White "Dinesh, Kumar Jaganathan"]
[Black "Vengatesh Krishnan, C."]
[Result "1-0"]
[WhiteElo "1937"]
[BlackElo "1557"]
[PlyCount "59"]
[EventDate "2022.04.18"]
[EventType "swiss"]
[EventRounds "11"]
[EventCountry "IND"]
[SourceTitle "EXT 2023"]
[Source "ChessBase"]
[SourceDate "2022.10.05"]
[SourceVersion "1"]
[SourceVersionDate "2022.10.05"]
[SourceQuality "1"]

1. Nf3 d5 2. d4 c5 3. g3 Nf6 4. Bg2 Nc6 5. 0-0 Bf5 6. c4 e6 7. cxd5 Nxd5 8. Ne5 Nxe5 9. dxe5 Bxb1 10. Rxb1 Be7 11. Qb3 Qc7 12. Bxd5 exd5 13. Qxd5 Rd8 14. Qb3 0-0 15. Bf4 g5 16. Be3 Qxe5 17. Qxb7 Rb8 18. Qf3 Rxb2 19. Rxb2 Qxb2 20. Qe4 Qf6 21. Rd1 Rb8 22. Rd7 Bf8 23. Rxa7 Kg7 24. Qd5 Be7 25. Kg2 Rb2 26. Qe4 Bf8 27. Ra8 Be7 28. Re8 Bd6 29. Qa8 h6 30. Rh8 1-0

[Event "Bhopal op"]
[Site "Bhopal"]
[Date "2018.12.23"]
[Round "4"]
[White "Dinesh, Kumar Jaganathan"]
[Black "Raahul, VS."]
[Result "1/2-1/2"]
[WhiteElo "1969"]
[BlackElo "2381"]
[PlyCount "75"]
[EventDate "2018.12.21"]
[EventType "swiss"]
[EventRounds "10"]
[EventCountry "IND"]
[SourceTitle "CBM 188 Extra"]
[Source "ChessBase"]
[SourceDate "2019.02.28"]
[SourceVersion "1"]
[SourceVersionDate "2019.02.28"]
[SourceQuality "1"]

1. Nf3 Nf6 2. c4 c5 3. d4 cxd4 4. Nxd4 Nc6 5. Nc3 g6 6. e4 Bg7 7. Nxc6 bxc6 8. e5 Ng8 9. Bf4 Qa5 10. Qd4 d6 11. c5 d5 12. b4 Qc7 13. b5 e6 14. b6 Qb8 15. Rb1 Bb7 16. Bd3 a6 17. h4 Ne7 18. h5 0-0 19. g4 f6 20. exf6 Bxf6 21. Qxf6 Rxf6 22. Bxb8 Rxb8 23. Rb4 Rbf8 24. Ra4 Rf4 25. hxg6 Nxg6 26. Bxg6 hxg6 27. g5 Rxa4 28. Nxa4 Rf4 29. Nb2 Rb4 30. Nd1 Rc4 31. Rh6 Kg7 32. Ne3 Re4 33. Kd2 Ra4 34. f3 Rxa2+ 35. Ke1 Ra1+ 36. Kf2 Ra2+ 37. Ke1 Ra3 38. Kf2 1/2-1/2